00330nam a22001457a 450000500170000000800410001702000220005804100080008008200100008810000240009824500150012226000240013730000080016165000150016920161129130809.0160628b xxu||||| |||| 00| 0 eng d a978-0-140-27833-0 aeng b10564 aAbdul Kalam, A.P.J. aIndia 2020 bPenguin Indiac2002 a304 aManagement